|
|
|
|
| LEADER |
00000nas a2200000 a 4500 |
| 001 |
ssj0000602166 |
| 003 |
WaSeSS |
| 005 |
20200512172242.0 |
| 006 |
m d |
| 007 |
cr n |
| 008 |
111215c20069999rm qr p s 0 0eng c |
| 010 |
|
|
|a 2012261001
|
| 035 |
|
|
|a (WaSeSS)ssj0000602166
|
| 040 |
|
|
|a HNK
|b eng
|c HNK
|d HNK
|d MYG
|d OCLCO
|d OCLCQ
|d CUS
|d OCLCF
|d OCLCO
|d OCLCQ
|d OCLCA
|d VT2
|d WaSeSS
|
| 042 |
|
|
|a pcc
|
| 043 |
|
|
|a e-rm---
|
| 050 |
1 |
4 |
|a HC405.A1
|b R66
|
| 210 |
1 |
0 |
|a Rom. econ. bus. rev.
|
| 245 |
0 |
0 |
|a Romanian economic and business review
|h [electronic resource].
|
| 246 |
1 |
3 |
|a REBE
|
| 260 |
|
|
|a Bucharest :
|b Published by the Scientific Research Dept. of the Romanian American University
|
| 310 |
|
|
|a Quarterly
|
| 362 |
1 |
|
|a Began with vol. 1, no. 1 (June 2006).
|
| 506 |
|
|
|a License restrictions may limit access.
|
| 588 |
|
|
|a Description based on: Vol. 1, no. 1 (June 2006); title from journal home page (viewed Dec. 13, 2011).
|
| 588 |
|
|
|a Latest issue consulted: Vol. 6, no. 3 (fall 2011).
|
| 648 |
|
7 |
|a Since 1989
|2 fast
|
| 650 |
|
0 |
|a Business
|v Periodicals.
|
| 650 |
|
0 |
|a Economics
|z Romania
|v Periodicals.
|
| 650 |
|
0 |
|a Economics
|v Periodicals.
|
| 650 |
|
7 |
|a Business.
|2 fast
|0 (OCoLC)fst00842262
|
| 650 |
|
7 |
|a Economic history.
|2 fast
|0 (OCoLC)fst00901974
|
| 650 |
|
7 |
|a Economics.
|2 fast
|0 (OCoLC)fst00902116
|
| 651 |
|
0 |
|a Romania
|x Economic conditions
|y 1989-
|v Periodicals.
|
| 651 |
|
7 |
|a Romania.
|2 fast
|0 (OCoLC)fst01205085
|
| 655 |
|
0 |
|a Electronic journals.
|
| 776 |
0 |
8 |
|i Print version:
|t Romanian economic and business review
|x 1842-2497
|
| 856 |
4 |
0 |
|z Full text available from Research Library: 04/01/2006 to present
|u https://search.proquest.com/publication/1216367
|